Kein schöner Land? : dt.-sprach. Autoren zur Lage d. Nation /

Saved in:
Bibliographic Details
Other Authors: Wandrey, Uwe
Format: Book
Language:German
Published: Reinbek bei Hamburg : Rowohlt, 1979.
Edition:Orig.-Ausg.
Subjects:
LEADER 01043nam a2200289 i 4500
001 c000336353
003 CARM
005 00000000000000.0
008 800502s1979 gw 00000 ger
010 |a 80470489 //r94 
015 |a GFR79-A 
019 1 |a 1729779  |5 LACONCORD2021 
020 |a 3499144581 :  |c DM6.80 
035 |a (OCoLC)6379528  |5 LACONCORD2021 
050 0 |a PT1141  |b .K44 
082 0 0 |a 830/.8/03243 
245 0 0 |a Kein schöner Land? :  |b dt.-sprach. Autoren zur Lage d. Nation /  |c zsgest. von Uwe Wandrey. 
250 |a Orig.-Ausg. 
260 |a Reinbek bei Hamburg :  |b Rowohlt,  |c 1979. 
300 |a 282 p. ;  |c 19 cm. 
500 |a One fold. ill. inserted at end. 
650 0 |a German literature  |y 20th century. 
651 0 |a Germany (West)  |x Literary collections. 
700 1 |a Wandrey, Uwe. 
852 8 |b CARM  |h A1:AM31A0  |i A05077  |p 0434493  |f BK 
999 f f |i e7d716e2-3100-5305-a261-86c7288855f6  |s a5bfae30-1735-548f-a74e-7bda6bbd9244 
952 f f |p Can circulate  |a CAVAL  |b CAVAL  |c CAVAL  |d CARM 1 Store  |e A05077  |f A1:AM31A0  |h Other scheme  |i book  |m 0434493